| 000 | 005070000a22001450004500 | ||
|---|---|---|---|
| 090 |
_aAS _bSeriadas |
||
| 245 | 1 | 0 | _aEcología química en hongos y líquenes |
| 041 | 0 | _aEspañol | |
| 700 | 1 |
_aGarcía Castellano, Ana _9100226 |
|
| 700 | 1 |
_aLeón Oyola, Francisco _9100227 |
|
| 700 | 1 |
_aBermejo Barrera, Jaime _9100228 |
|
| 100 | 1 |
_aToledo Marentes, Francisco Javier _9100229 |
|
| 942 | _cARTICULO | ||
| 773 | 1 |
_tRevista de la Academia Colombiana de Ciencias Exactas, Físicas y Naturales _h109 _q509-528 _d2004 _g28 |
|
| 999 |
_c15976 _d15976 |
||